| 000 | 01558nam0a2200337 4500 | ||
|---|---|---|---|
| 001 | RU\NLR\bibl\89174 | ||
| 005 | 20260405172200.0 | ||
| 010 |
_a5-224-00546-9 _99000 |
||
| 021 |
_aRU _b1999-49488 _92458 |
||
| 035 | _a(NLR Aleph) 000087123 | ||
| 090 |
_a487411 _c487411 |
||
| 100 | _a20000529d1999 |||y0rusy50 ca | ||
| 101 | 0 | _arus | |
| 102 | _aRU | ||
| 105 | _aac ||||||||| | ||
| 200 | 1 |
_aМоя небесная жизнь _eВоспоминания летчика-испытателя _fВалерий Меницкий |
|
| 210 |
_aМ. _cОЛМА-ПРЕСС _d1999 |
||
| 215 |
_a747, [1] c., [16] л. ил., портр. _d21 |
||
| 225 | 1 | _aДосье | |
| 300 | _aНа 4-й с. обл. авт.: В. Меницкий - Герой Сов. Союза, засл. летчик-испытатель СССР, лауреат Ленин. премии, лауреат Междунар. премии Лаурела "Летчик года" | ||
| 606 | 0 |
_aАвиация _jВоспоминания, записки и т.п. _xИстория _yСССР _9928305 _3RU\NLR\auth\6622783 |
|
| 606 | 0 |
_aАвиация _jВоспоминания, записки и т.п. _xИстория _yРоссия _9967360 _3RU\NLR\auth\66362262 |
|
| 686 | _aО5г(2) | ||
| 686 | _aЦ65,6(2)0-1,013 | ||
| 700 | 1 |
_4070 _7ca _8rus _aМеницкий _bВ. Е. _f1944-2008 _gВалерий Евгеньевич _956647 _3RU\NLR\auth\7773719 |
|
| 801 | 0 |
_aRU _bNLR _c20000529 _gPSBO |
|
| 801 | 1 |
_aRU _bNLR _c20000529 |
|
| 852 |
_aNLR _j2000-3/3776 |
||
| 942 | _cBOOK | ||
| 980 | _aNB | ||